00840nam a2200229Ia 450000500170000000800410001702000180005808200190007610000210009524500650011625000360018130000650021750400450028260000420032765000430036965000290041226400460044133600270048733700330051433800280054704000350057520220317001451.0161108s2004 a ao g 000 0 s  a978849339769204a927.5946bP31g1 aGarcía, Marina10aPicasso para niñosctexto e ilustracionesbMarina García a1a. edición, 1a reimpresión a[16] páginasbilustraciones, fotografías en colorc27 cm aincluye biografía, obras y actividades14aPicasso, Pablod1881-1973vBiografias142LEMBaPintores españolesxBiografias142LEMBaPintura Española aBuenos AiresbLibros del Zorro Rojoc2004 atextobtxt2rdacontent asin mediaciónbn2rdamedia avolumenbnc2rdacarrier aCO-BoRNBPbspaerdacCO-BoRNBP